| 000 | 00405nam a22001697a 4500 | ||
|---|---|---|---|
| 003 | CEME | ||
| 005 | 20210628203037.0 | ||
| 008 | 210129b xxu||||| |||| 00| 0 eng d | ||
| 020 | _a9789699496238 | ||
| 040 | _c. | ||
| 082 | _a891.4391 FRA | ||
| 100 |
_aAhmad Faraz _99905 |
||
| 245 | _aShehar-e-sukhan arasta hai | ||
| 260 |
_aKARACHI _bDOST PUBLICATION _c2008 |
||
| 300 | _a1664P | ||
| 942 |
_cBK _2ddc |
||
| 999 |
_c571946 _d571946 |
||